Engineering heat transfer/ (Record no. 355812)

000 -LEADER
fixed length control field 01172cam a2200349 a 4500
001 - CONTROL NUMBER
control field 15479568
003 - CONTROL NUMBER IDENTIFIER
control field USPCAS-E
005 - DATE AND TIME OF LATEST TRANSACTION
control field 20180118181414.0
008 - FIXED-LENGTH DATA ELEMENTS--GENERAL INFORMATION
fixed length control field 081007s2009 flua b 001 0 eng
010 ## - LIBRARY OF CONGRESS CONTROL NUMBER
LC control number 2008043509
020 ## - INTERNATIONAL STANDARD BOOK NUMBER
International Standard Book Number 9781420072020 (alk. paper)
020 ## - INTERNATIONAL STANDARD BOOK NUMBER
International Standard Book Number 1420072021 (alk. paper)
035 ## - SYSTEM CONTROL NUMBER
System control number (OCoLC)ocn172980299
035 ## - SYSTEM CONTROL NUMBER
System control number (OCoLC)172980299
040 ## - CATALOGING SOURCE
Original cataloging agency DLC
Transcribing agency DLC
Modifying agency BTCTA
-- BAKER
-- YDXCP
-- C#P
-- CDX
-- DLC
050 00 - LIBRARY OF CONGRESS CALL NUMBER
Classification number TJ260
Item number .J36 2009
082 00 - DEWEY DECIMAL CLASSIFICATION NUMBER
Classification number 621.4022
Edition number 22
Author Mark JAN-E 2009
100 1# - MAIN ENTRY--PERSONAL NAME
Personal name Janna, William S.
245 10 - TITLE STATEMENT
Title Engineering heat transfer/
Statement of responsibility, etc. William S. Janna.
250 ## - EDITION STATEMENT
Edition statement 3rd ed.
260 ## - PUBLICATION, DISTRIBUTION, ETC.
Place of publication, distribution, etc. Boca Raton :
Name of publisher, distributor, etc. CRC Press,
Date of publication, distribution, etc. c2009.
300 ## - PHYSICAL DESCRIPTION
Extent 1 v. (various pagings) :
Other physical details ill. ;
Dimensions 27 cm.
490 1# - SERIES STATEMENT
Series statement Heat transfer
502 ## - DISSERTATION NOTE
Dissertation note 0
504 ## - BIBLIOGRAPHY, ETC. NOTE
Bibliography, etc. note Includes bibliographical references and index.
650 #0 - SUBJECT ADDED ENTRY--TOPICAL TERM
Topical term or geographic name entry element Heat
General subdivision Transmission.
650 #0 - SUBJECT ADDED ENTRY--TOPICAL TERM
Topical term or geographic name entry element Heat exchangers.
830 #0 - SERIES ADDED ENTRY--UNIFORM TITLE
Uniform title Heat transfer (Boca Raton, Fla.)
906 ## - LOCAL DATA ELEMENT F, LDF (RLIN)
a 7
b cbc
c orignew
d 1
e ecip
f 20
g y-gencatlg
942 ## - ADDED ENTRY ELEMENTS (KOHA)
Source of classification or shelving scheme
Koha item type Book
Holdings
Withdrawn status Lost status Source of classification or shelving scheme Damaged status Not for loan Collection code Permanent Location Current Location Shelving location Date acquired Source of acquisition Cost, normal purchase price Total Checkouts Total Renewals Full call number Barcode Date last seen Date last checked out Price effective from Koha item type Copy number
            US-Pakistan Center for Advanced Studies in Energy (USPCAS-E) US-Pakistan Center for Advanced Studies in Energy (USPCAS-E)   12/28/2015 Progressive 12566.00 1 1 621.4022 JAN-E 2009 CAS-E0000953 04/12/2016 03/14/2016 12/28/2015 Book  
            US-Pakistan Center for Advanced Studies in Energy (USPCAS-E) US-Pakistan Center for Advanced Studies in Energy (USPCAS-E)   12/28/2015 Progressive 12566.00     621.4022 JAN-E 2009 CAS-E0000954 12/28/2015   12/28/2015 Book C.2
© 2023 Central Library, National University of Sciences and Technology. All Rights Reserved.